00405nam a2200121Ia 4500008004100000100002000041245005200061245002100113260000900134856004800143999001900191952007300210160531s9999 xx 000 0 und d aHegarty, James. 4aThe Creative Edge: The Art of Making Ideas Work cby James Hegarty c2014 uhttp://www.smashwords.com/books/view/396565 c295357d295357 001040aCLbCLd2016-05-31l0r2016-05-31 00:00:00w2016-05-31yCBE